Điều tra giám định và biện pháp sinh học phòng trừ bệnh thán thư do nấm Colletotrichum spp. trên hoa kiểng : Báo cáo tổng kết đề tài khoa học và công nghệ cấp Trường

Nội dung đề tài đánh giá tình hình bệnh hại và đánh giá hiệu quả của 3 chủng vi sinh vật đối kháng trong phòng trừ bệnh do nấm trên hoa kiểng, làm cơ sở cho việc nghiên cứu về quản lý dịch hại trên vườn hoa kiểng trong tương lai....

وصف كامل

محفوظ في:
التفاصيل البيبلوغرافية
المؤلف الرئيسي: Trần, Thị Thu Thủy
التنسيق: كتاب
اللغة:Undetermined
منشور في: Cần Thơ Trường Đại học Cần Thơ 2009
الموضوعات:
الوسوم: إضافة وسم
لا توجد وسوم, كن أول من يضع وسما على هذه التسجيلة!
Thư viện lưu trữ: Trung tâm Học liệu Trường Đại học Cần Thơ
LEADER 01337nam a2200229Ia 4500
001 CTU_203835
008 210402s9999 xx 000 0 und d
082 |a 635.92 
082 |b Th523 
088 |a T2006-23 
100 |a Trần, Thị Thu Thủy 
245 0 |a Điều tra giám định và biện pháp sinh học phòng trừ bệnh thán thư do nấm Colletotrichum spp. trên hoa kiểng : 
245 0 |b Báo cáo tổng kết đề tài khoa học và công nghệ cấp Trường 
245 0 |c Trần Thị Thu Thủy, Huỳnh Minh Châu (Chủ nhiệm đề tài) ; Lê Thị Ngọc Xuân (tham gia thực hiện) 
260 |a Cần Thơ 
260 |b Trường Đại học Cần Thơ 
260 |c 2009 
520 |a Nội dung đề tài đánh giá tình hình bệnh hại và đánh giá hiệu quả của 3 chủng vi sinh vật đối kháng trong phòng trừ bệnh do nấm trên hoa kiểng, làm cơ sở cho việc nghiên cứu về quản lý dịch hại trên vườn hoa kiểng trong tương lai. 
650 |a Plant diseases,Bệnh hại cây trồng,Insect pests,Côn trùng 
904 |i Tuyến 
915 |a NN 
980 |a Trung tâm Học liệu Trường Đại học Cần Thơ